|
|
|
|
| LEADER |
00000nam a2200000 a 4500 |
| 001 |
vtls008872854 |
| 003 |
SK-MaSNL |
| 005 |
20260302004804.0 |
| 008 |
240314s2006 xo o g 000 0 slo |
| 015 |
|
|
|a SBA2006/12-05646
|
| 020 |
|
|
|a 809695136X
|q (brož.)
|
| 035 |
|
|
|a 6C0F837A-81AC-400B-9EB2-B7CF5CCCCC17
|
| 035 |
|
|
|a urn:nbn:sk:snk-amk76s
|
| 035 |
|
|
|a urn:nbn:sk:snk-am008jrz
|
| 040 |
|
|
|a SNK
|b slo
|c SNK
|e AACR2
|
| 041 |
0 |
|
|a slo
|
| 043 |
|
|
|a e-xo---
|
| 044 |
|
|
|a xo
|c SK
|
| 072 |
|
7 |
|a 94(437)
|x Dejiny Česka a Slovenska
|2 konspekt
|
| 080 |
|
|
|a 94(437.6)
|2 2001
|
| 080 |
|
|
|a 398.3
|2 2001
|
| 080 |
|
|
|a (091)
|2 2001
|
| 100 |
1 |
|
|a Hyben, Michal
|4 aut
|9 7218
|
| 245 |
1 |
0 |
|a Paberky z iskier
|b návraty k prameňom
|c Michal Hyben
|
| 250 |
|
|
|a 1. vyd.
|
| 260 |
|
|
|a Važec
|b Miestny odbor Matice slovenskej
|c 2006
|
| 300 |
|
|
|a 60 s.
|b fotogr.
|c 21 cm
|
| 366 |
|
|
|e 100 výtl.
|
| 500 |
|
|
|a Fotogr. na tit. strane
|
| 504 |
|
|
|a Bibliogr. s. 60
|
| 650 |
0 |
7 |
|a ľudové zvyky
|2 SNKPH
|9 66558
|
| 651 |
|
7 |
|a Važec (Slovensko)
|2 SNKPH
|9 54496
|
| 919 |
|
|
|a 80-969513-6-X
|
| 958 |
|
|
|a OND
|
| 999 |
|
|
|c 997151
|d 999081
|
| 952 |
|
|
|a SNK
|b SNK
|y PREZ
|7 0
|p 17A0525271
|o snkSC 125738
|i snk2006/22682
|8 0
|0 0
|1 0
|4 0
|d 2006-11-03
|f 1
|l 0
|r 2025-06-11 00:00:00
|w 2026-02-24
|
| 952 |
|
|
|a SNK
|b SNK
|y VYP
|7 0
|p 17A0525270
|o snkSC 125738 D1
|i snk2006/22683
|8 0
|0 0
|1 0
|4 0
|d 2006-11-03
|l 0
|r 2026-02-24 12:07:32
|w 2026-02-24
|